000 00320nam a22001337a 4500
008 170526b xxu||||| |||| 00| 0 eng d
020 _a9812530703
041 _aeng
080 _29TH
_a621(075.8)
100 _a27
101 _aIM
245 _aMATERIALS AND PROCESSES IN MANUFACTURING
_cDEGARMO,E.P
942 _2udc
_cBK
999 _c14447
_d14447